Síndrome de Down: avances en acción familiar
Saved in:
| Main Authors: | , |
|---|---|
| Format: | Book |
| Language: | Spanish |
| Published: |
Santander
Fundación Sindrome de Down de Catabria
1988
|
| Subjects: | |
| Tags: |
Add Tag
No Tags, Be the first to tag this record!
|
MARC
| LEADER | 00000nam a2200000 a 4500 | ||
|---|---|---|---|
| 001 | UCW5677 | ||
| 003 | CL-VaPUC | ||
| 008 | 910722e19880000SP |||||||||||||||||spa|d | ||
| 082 | 0 | 4 | |a 371.928 |b FLO |2 21 |
| 100 | 0 | |a Florez, Jesús |e author |9 310643 | |
| 700 | 0 | |a Troncoso, María Victoria |e author |9 310644 | |
| 245 | 1 | 0 | |a Síndrome de Down: avances en acción familiar |
| 300 | |a 269 p | ||
| 942 | |c BK | ||
| 945 | |d 19910722 00:00:00 | ||
| 260 | |a Santander |b Fundación Sindrome de Down de Catabria |c 1988 | ||
| 650 | 0 | |a Síndrome de Down |9 309553 | |
| 650 | 0 | |a Educación especial |9 307486 | |
| 583 | |a last modification |c 19910722 00:00:00 |k Rodrigo Vera | ||
| 999 | |c 219021 |d 219019 | ||
| 952 | |0 0 |1 0 |4 0 |6 371_928000000000000_FLO_1988 |7 0 |8 A |9 209456 |a BIBEDU |b BIBEDU |d 2019-11-15 |i 2773392 |o 371.928 FLO 1988 |p 2773392 |r 2019-11-15 |w 2019-11-15 |y BK |k EDU | ||